000 00393nam a22001577a 4500
003 MPLRDC
005 20220104123921.0
008 210129b ||||| |||| 00| 0 eng d
082 _a496.5 YTGX
100 _a伊藤光雄
245 _a超级推销术
_c苏燕谋译
260 _a
_b现代工商出版社
_c
300 _b
650 _a推销策略; 贩卖术
942 _cBK
_o496.5 YTGX
999 _c15207
_d15197